header

Duty-split approach in robotic surgery (Record no. 168320)

MARC details
000 -LEADER
fixed length control field 01485nam a2200361 a 4500
082 04 - DEWEY DECIMAL CLASSIFICATION NUMBER
Classification number 617/.9178
100 1# - MAIN ENTRY--AUTHOR NAME
Personal name Michelini, Rinaldo C.
245 10 - TITLE STATEMENT
Title Duty-split approach in robotic surgery
260 ## - PUBLICATION, DISTRIBUTION, ETC. (IMPRINT)
Place of publication Hauppauge, N.Y. :
Name of publisher Nova Science Publishers,
Year of publication 2010.
300 ## - PHYSICAL DESCRIPTION
Number of Pages x, 57 p. :
Other physical details ill. (some col.).
490 1# - SERIES STATEMENT
Series statement Robotics research and technology
505 0# - FORMATTED CONTENTS NOTE
Formatted contents note Computer-assisted surgery -- The split-duty approach -- Augmented reality action.
650 #0 - SUBJECT ADDED ENTRY--TOPICAL TERM
Topical Term Surgical robots.
700 1# - ADDED ENTRY--PERSONAL NAME
Personal name Frumento, Silvia.
Personal name Razzoli, Roberto P.
856 40 - ELECTRONIC LOCATION AND ACCESS
Uniform Resource Identifier http://site.ebrary.com/lib/rucke/Doc?id=10677962

No items available.

© 2026 Rongo University
Contact us: librarian | system librarian | Rongo university